عرض عادي
عرض مارك
- Culture. 0
مدخل مصطلح موضوعي
001 - رقم الضبط
- حقل الضبط: 9962
003 - معرف رقم الضبط
- حقل الضبط: OSt
005 - تاريخ ووقت أخر عملية
- حقل الضبط: 20120401213051.0
008 - عناصر بيانات ثابتة الطول
- حقل تحكم ثابت الطول: 120401|||a|||||| | ||| d
040 ## - مصدر الفهرسة
- هيئة الفهرسة الأصلية: OSt
- وكالة الكتابة: OSt
150 ## - مدخل-- مصطلح تاريخي
- عنصر مدخل المصطلح الموضوعي او الاسم الجغرافي: Culture. 0
670 ## - بيانات المصدر موجوده
- الاستشهاد بالمصدر: Work cat.: (OSt)1595: Arnold, Matthew, 1822-1888. 6851, Culture and anarchy /, 1990.
